[Event "4th IECC"]
[Site "Istanbul TUR"]
[Date "2003.05.30"]
[Round "1"]
[White "Olcayoz,A"]
[Black "Izoria,Z"]
[Result "1/2-1/2"]
[WhiteElo "2310"]
[BlackElo "2569"]
[EventDate "2003.05.30"]

1. e4 c5 2. Nf3 d6 3. Bb5+ Nd7 4. O-O Ngf6 5. Re1 a6 6. Bf1 b6 7. c4 Bb7 8.
Nc3 Ne5 9. d3 e6 10. b3 Be7 11. Bb2 Nfd7 12. Qe2 Bf6 13. Rab1 O-O 14. Nd1
b5 15. Ne3 Rb8 16. Nxe5 Bxe5 17. g3 Bxb2 18. Rxb2 Ne5 19. Rd1 Nc6 20. Nc2
d5 21. d4 dxe4 22. cxb5 Nxd4 23. Nxd4 cxd4 24. bxa6 Ba8 25. b4 e5 26. a4 f5
27. b5 f4 28. Qc4+ Kh8 29. Qc5 Qg5 30. b6 Rbc8 31. Qc6 Rcd8 32. Qc7 fxg3
33. hxg3 Bd5 34. Bg2 Rc8 1/2-1/2

[Event "4th IECC"]
[Site "Istanbul TUR"]
[Date "2003.05.30"]
[Round "1"]
[White "Demir,G"]
[Black "Schandorff,L"]
[Result "1-0"]
[WhiteElo "2245"]
[BlackElo "2563"]
[EventDate "2003.05.30"]

1. d4 Nf6 2. c4 e6 3. Nc3 Bb4 4. e3 O-O 5. Nge2 d5 6. a3 Be7 7. Ng3 Nbd7 8.
cxd5 exd5 9. Nf5 Nb6 10. Nxe7+ Qxe7 11. Bd3 Ne4 12. O-O Bf5 13. Ne2 Nd6 14.
a4 a5 15. b3 Rfe8 16. Ba3 Bxd3 17. Qxd3 Nbc8 18. Nf4 c6 19. Rae1 Qf6 20. f3
Ne7 21. Nh5 Qf5 22. Qxf5 Ndxf5 23. g4 Nh6 24. Bc1 f6 25. e4 Nf7 26. e5 fxe5
27. dxe5 c5 28. e6 Nd6 29. Bf4 Red8 30. Be5 Ne8 31. f4 Nc6 32. f5 Nxe5 33.
Rxe5 Nf6 34. Nxf6+ gxf6 35. Re3 d4 36. Rh3 Ra6 37. Rff3 Rad6 38. Kf2 d3 39.
Ke1 d2+ 40. Kd1 Rd4 41. g5 Re4 42. Re3 Rf4 43. Rhf3 Rxf3 44. Rxf3 Kg7 45.
Rf2 Rf8 46. h4 h6 47. g6 Rc8 48. Rxd2 1-0

[Event "4th IECC"]
[Site "Istanbul TUR"]
[Date "2003.05.31"]
[Round "2"]
[White "Bischoff,K"]
[Black "Can,E"]
[Result "1-0"]
[WhiteElo "2564"]
[BlackElo "2200"]
[EventDate "2003.05.30"]

1. d4 Nf6 2. c4 g6 3. Nc3 Bg7 4. e4 d6 5. f3 O-O 6. Be3 c5 7. Nge2 Nc6 8.
d5 Ne5 9. Ng3 e6 10. Be2 exd5 11. cxd5 a6 12. Qd2 b5 13. Bh6 Rb8 14. O-O
Re8 15. Bxg7 Kxg7 16. Rac1 Qb6 17. Nh1 Bd7 18. Nf2 c4 19. Ncd1 h5 20. Ne3
Neg4 21. Ned1 Ne5 22. b3 cxb3 23. axb3 a5 24. Ne3 Rec8 25. Nc2 a4 26. b4
Rc7 27. Na3 Rbc8 28. Rxc7 Rxc7 29. h3 Kg8 30. Kh2 h4 31. f4 Nc4 32. Bxc4
bxc4 33. Qc3 Nh5 34. Nd1 Rb7 35. Nc2 Ng3 36. Re1 Rb8 37. Qf3 Re8 38. Nc3
Qb8 39. b5 Qa7 40. Ra1 f5 41. Rxa4 fxe4 42. Rxa7 exf3 43. gxf3 Bxb5 44. Nd4
Re1 45. Ncxb5 Rd1 46. Ne6 Rxd5 47. Nbd4 c3 48. Rc7 Nf5 49. Nxf5 Rd2+ 50.
Kg1 c2 51. Nxh4 Rd1+ 52. Kf2 c1=Q 53. Rg7+ 1-0

[Event "4th IECC"]
[Site "Istanbul TUR"]
[Date "2003.06.01"]
[Round "3"]
[White "Rozentalis,E"]
[Black "Gdanski,J"]
[Result "1/2-1/2"]
[WhiteElo "2586"]
[BlackElo "2506"]
[EventDate "2003.05.30"]

1. e4 e6 2. d4 d5 3. Nd2 c5 4. Ngf3 Nc6 5. exd5 exd5 6. Bb5 Bd6 7. dxc5
Bxc5 8. Nb3 Bd6 9. O-O Nge7 10. c3 O-O 11. Bd3 h6 12. h3 Nf5 13. Bc2 Bc7
14. Qd3 g6 15. Qd2 h5 16. Bxf5 Bxf5 17. Qh6 Qd6 18. g3 Qf6 19. Bf4 Bb6 20.
Rad1 1/2-1/2

[Event "4th IECC"]
[Site "Istanbul TUR"]
[Date "2003.06.02"]
[Round "4"]
[White "Hracek,Z"]
[Black "Korobov,A"]
[Result "1/2-1/2"]
[WhiteElo "2584"]
[BlackElo "2513"]
[EventDate "2003.05.30"]

1. e4 c5 2. Nf3 Nc6 3. c3 e6 4. d4 d5 5. exd5 exd5 6. Bb5 Bd6 7. dxc5 Bxc5
8. O-O Nge7 9. Nbd2 O-O 10. Nb3 Bd6 11. Bg5 Qc7 12. Bh4 Nf5 13. Bg3 Nxg3
14. hxg3 Be6 15. Bd3 Qb6 16. Nbd4 Nxd4 17. Nxd4 Bc5 18. Nb3 Bd6 19. Re1 g6
20. Re3 a5 21. Qd2 a4 22. Nd4 Bc5 23. Be2 a3 24. b3 Bxd4 25. cxd4 Rfc8 26.
g4 Qc7 27. Kf1 Qc2 28. Qxc2 Rxc2 29. Ke1 Rac8 30. Rd3 f5 31. g5 f4 32. b4
Bf5 33. Rd2 Rxd2 34. Kxd2 Rc2+ 35. Ke1 Kf7 36. Bd1 Rc4 37. Bb3 Rxd4 38. Rc1
Ke6 39. Rc5 Rxb4 40. Ra5 Re4+ 41. Kf1 Re5 42. Rxa3 Bd3+ 43. Kg1 Rxg5 44.
Bd1 Bc4 45. Ra7 Ba6 46. Ra8 Re5 47. Kh2 d4 48. Rd8 d3 49. g3 Ke7 50. Rd4
Re1 51. Bb3 fxg3+ 52. Kxg3 h5 53. f4 Rg1+ 54. Kf2 Rb1 55. Ke3 h4 56. Kf3
Rg1 57. Kf2 Rg4 58. Bd1 Rg3 59. Bf3 Kf6 60. a4 Kf5 61. a5 Ke6 62. Bg2 g5
63. fxg5 Rxg5 64. Rxh4 Rxa5 65. Rh6+ Kd7 66. Rh7+ Kc8 67. Bh3+ Kb8 68. Rd7
Ra2+ 69. Ke3 Re2+ 70. Kf3 Bb5 71. Rd4 Re1 72. Kf2 Re2+ 73. Kf3 Rb2 74. Bf5
Rb3 75. Ke3 Kc7 76. Kd2 Kb6 77. Be6 Rb2+ 78. Kc3 Re2 79. Bf7 Re1 80. Rd5
Rc1+ 81. Kb4 Ba6 82. Rd6+ Rc6 83. Rd7 Ka7 84. Rd8 Rh6 85. Rd4 Rb6+ 86. Kc3
Rc6+ 87. Kb4 Kb8 88. Ka4 Rc1 89. Rd8+ 1/2-1/2

[Event "4th IECC"]
[Site "Istanbul TUR"]
[Date "2003.06.03"]
[Round "5"]
[White "Hulak,K"]
[Black "Yeke,S"]
[Result "1-0"]
[WhiteElo "2563"]
[BlackElo "2287"]
[EventDate "2003.05.30"]

1. c4 e5 2. g3 Nc6 3. Bg2 g6 4. Nc3 Bg7 5. e3 d6 6. Nge2 h5 7. d4 h4 8. d5
Nce7 9. e4 Nf6 10. Qd3 c6 11. Bg5 cxd5 12. cxd5 h3 13. Bf3 Nh7 14. Be3 g5
15. Nc1 g4 16. Be2 f5 17. exf5 Bxf5 18. Qd1 Nf6 19. O-O a6 20. a4 Rc8 21.
a5 Rxc3 22. bxc3 Nexd5 23. Bd2 O-O 24. c4 Ne7 25. Bb4 Ne4 26. Bxg4 Ng5 27.
Ra3 Qc8 28. Bxf5 Qc6 29. f3 Rxf5 30. Bxd6 Nc8 31. Bb4 e4 32. f4 e3 33. Qe2
Ne6 34. Rxe3 Bd4 35. Rff3 Ng5 36. Rf2 Bxe3 37. Qxe3 Qxc4 38. fxg5 Rxf2 39.
Kxf2 Qxb4 40. Qe6+ Kg7 41. Qxc8 Qd4+ 42. Kf3 Qd1+ 43. Ne2 Qh1+ 44. Kg4 1-0

[Event "4th IECC"]
[Site "Istanbul TUR"]
[Date "2003.06.03"]
[Round "5"]
[White "Mamedov,Rau"]
[Black "Brynell,S"]
[Result "1/2-1/2"]
[WhiteElo "2330"]
[BlackElo "2538"]
[EventDate "2003.05.30"]

1. e4 e6 2. d4 d5 3. Nd2 c5 4. Ngf3 Nc6 5. exd5 exd5 6. Bb5 Bd6 7. dxc5
Bxc5 8. O-O Nge7 9. Nb3 Bb6 10. c4 dxc4 11. Qxd8+ Bxd8 12. Bxc4 O-O 13. Be3
Bg4 14. Rfd1 Ng6 15. h3 Bxf3 16. gxf3 Bb6 17. Bd5 Rae8 18. Bc5 Bxc5 19.
Nxc5 Re7 20. Be4 Nf4 21. h4 f5 22. Bxc6 bxc6 23. Nd3 Nxd3 24. Rxd3 Rf6 25.
Kf1 Rh6 26. Rd4 g5 27. Rc1 gxh4 28. Rcc4 h3 29. Rh4 Ree6 30. Rxh6 Rxh6 31.
Kg1 Rg6+ 32. Kh2 Rg2+ 33. Kxh3 Rxf2 34. Kg3 Rxb2 35. a4 Rb7 36. Rxc6 Kg7
37. a5 1/2-1/2

[Event "4th IECC"]
[Site "Istanbul TUR"]
[Date "2003.06.03"]
[Round "5"]
[White "Conquest,S"]
[Black "Grant,J"]
[Result "1-0"]
[WhiteElo "2556"]
[BlackElo "2253"]
[EventDate "2003.05.30"]

1. e4 c6 2. d4 d5 3. e5 Bf5 4. Be3 e6 5. Nd2 Nd7 6. f4 a6 7. Ngf3 h6 8. Be2
Ne7 9. O-O Bg4 10. h3 Nf5 11. Bf2 Bxf3 12. Nxf3 c5 13. c3 cxd4 14. cxd4 Qb6
15. Qc2 Ne7 16. Rac1 g6 17. g4 Nc6 18. a3 Be7 19. Bd3 O-O-O 20. Qa4 Ndb8
21. b4 Rd7 22. Rc3 Rc7 23. Rfc1 Kd7 24. Kh1 Rhc8 25. f5 gxf5 26. gxf5 Bg5
27. Ra1 Rf8 28. f6 Kc8 29. Qc2 Nd7 30. h4 Bxf6 31. exf6 Nxf6 32. Bg3 Rd7
33. Ne5 Rc7 34. Nxc6 Rxc6 35. Rxc6+ bxc6 36. Qc5 Qxc5 37. bxc5 Ne4 38. Bxe4
dxe4 39. Rb1 Rd8 40. Bd6 Rxd6 41. cxd6 Kd7 42. Rb7+ Kxd6 43. Rxf7 Kd5 44.
Kg2 Kxd4 45. Kf2 c5 46. Rd7+ Kc3 47. Ke3 Kb3 48. Ra7 e5 49. Rxa6 c4 50.
Rxh6 Kxa3 51. Rc6 1-0

[Event "4th IECC"]
[Site "Istanbul TUR"]
[Date "2003.06.03"]
[Round "5"]
[White "Demir,G"]
[Black "Marin,M"]
[Result "1/2-1/2"]
[WhiteElo "2245"]
[BlackElo "2568"]
[EventDate "2003.05.30"]

1. d4 Nf6 2. c4 e6 3. Nc3 Bb4 4. e3 c5 5. Nge2 b6 6. a3 Ba5 7. Bd2 O-O 8.
Qa4 Bxc3 9. Bxc3 Ne4 10. d5 d6 11. g3 e5 12. Bg2 f5 13. Qc2 Nxc3 14. Nxc3
Nd7 15. f4 Qe7 16. O-O Nf6 17. Rae1 e4 18. b4 Bd7 19. bxc5 bxc5 20. Rb1
Rfb8 21. Bh3 Rb6 22. Rb2 Rab8 23. Rfb1 Qd8 24. Rxb6 Rxb6 25. Rxb6 Qxb6 26.
Qb1 Qa5 27. Qb3 Kf7 28. Kf2 Ke7 29. Ke2 Qb6 30. Qxb6 axb6 31. Kd2 Kd8 32.
Bf1 Kc7 33. Be2 Kb7 34. Kc2 Ka6 35. Kb3 g6 36. h3 h5 37. h4 Ne8 38. a4 Kb7
39. Ka3 Nf6 1/2-1/2

[Event "4th IECC"]
[Site "Istanbul TUR"]
[Date "2003.06.05"]
[Round "6"]
[White "Minasian,Art"]
[Black "Ftacnik,L"]
[Result "0-1"]
[WhiteElo "2555"]
[BlackElo "2611"]
[EventDate "2003.05.30"]

1. e4 c5 2. f4 g6 3. Nf3 Bg7 4. Bc4 Nc6 5. O-O e6 6. d3 d5 7. Bb5 Nge7 8.
c4 dxc4 9. dxc4 Qxd1 10. Rxd1 Bd7 11. Nc3 a6 12. Ba4 O-O-O 13. Be3 b6 14.
Ng5 Bxc3 15. bxc3 Be8 16. e5 Rxd1+ 17. Rxd1 Na5 18. Bxe8 Rxe8 19. Nxh7 Nxc4
20. Bc1 Rd8 21. Rxd8+ Kxd8 22. Nf6 Nd5 23. Ne4 Ke7 24. Kf2 f5 25. exf6+
Nxf6 26. Kf3 Nxe4 27. Kxe4 b5 28. g4 a5 29. Kd3 a4 30. h4 Nd6 31. a3 Kf7
0-1

[Event "4th IECC"]
[Site "Istanbul TUR"]
[Date "2003.06.05"]
[Round "6"]
[White "Iljushin,A"]
[Black "Pogorelov,R"]
[Result "1-0"]
[WhiteElo "2556"]
[BlackElo "2489"]
[EventDate "2003.05.30"]

1. d4 Nf6 2. c4 e6 3. Nc3 Bb4 4. e3 c5 5. Nge2 b6 6. a3 Ba5 7. g3 Bb7 8. d5
Ne4 9. Bg2 Nxc3 10. bxc3 d6 11. O-O e5 12. e4 Nd7 13. a4 O-O 14. Qd3 Qe7
15. f4 f5 16. exf5 Rae8 17. g4 e4 18. Qc2 Ba6 19. Qb3 Nf6 20. g5 Nxd5 21.
Rd1 Nc7 22. Ng3 e3 23. Ra2 Rf7 24. Bf1 e2 25. Bxe2 1-0

[Event "4th IECC"]
[Site "Istanbul TUR"]
[Date "2003.06.05"]
[Round "6"]
[White "Akcan,U"]
[Black "Dzhakaev,D"]
[Result "0-1"]
[WhiteElo "2167"]
[BlackElo "2465"]
[EventDate "2003.05.30"]

1. e4 c5 2. Nf3 d6 3. Bb5+ Nd7 4. O-O Ngf6 5. Re1 a6 6. Bf1 b6 7. c4 Bb7 8.
Nc3 e6 9. d4 cxd4 10. Qxd4 h6 11. b3 Be7 12. Ba3 Nc5 13. Rad1 O-O 14. Bxc5
bxc5 15. Qe3 Qa5 16. h3 Nd7 17. Qd2 Kh8 18. Ne2 Qc7 19. Nf4 Nf6 20. e5 dxe5
21. Nxe5 Kg8 22. Qe3 Bd6 23. Nfd3 Ne4 24. Nf3 f5 25. Qc1 Rae8 26. Nd2 Bh2+
27. Kh1 Bf4 28. Nxf4 Nxf2+ 29. Kg1 Qxf4 30. Nf3 Qg3 0-1

[Event "4th IECC"]
[Site "Istanbul TUR"]
[Date "2003.06.06"]
[Round "7"]
[White "Asrian,K"]
[Black "Zelcic,R"]
[Result "1/2-1/2"]
[WhiteElo "2596"]
[BlackElo "2540"]
[EventDate "2003.05.30"]

1. e4 c6 2. d4 d5 3. e5 c5 4. dxc5 Nc6 5. Nf3 Bg4 6. Bb5 e6 7. Be3 Qa5+ 8.
Nc3 Nge7 9. a3 a6 10. Be2 Nf5 11. b4 Nxe3 12. fxe3 Qc7 13. O-O Bxf3 14.
Bxf3 Qxe5 15. Qd3 Be7 16. e4 d4 17. Na4 Rd8 18. Nb6 Qc7 19. Bh5 O-O 20. Nc4
Qb8 21. Be2 Bf6 22. Rad1 Ne5 23. Qg3 Nxc4 24. Qxb8 Rxb8 25. Bxc4 Be5 26.
Rf3 g5 27. g3 Rfc8 28. Rb3 a5 29. Bb5 Ra8 30. Rdb1 axb4 31. axb4 Kf8 32.
Bd3 Ke7 33. Kg2 h5 34. h3 h4 35. g4 Bf4 36. Kf3 Ra2 37. R3b2 Rxb2 38. Rxb2
Ra8 39. Rb1 Kd7 40. b5 Rc8 41. Rb4 Be5 42. c6+ bxc6 43. bxc6+ Kd6 44. Ra4
f6 45. Bb5 Kc5 46. Bd3 Rb8 47. Rc4+ Kd6 48. c7 Rc8 49. Kg2 Kd7 50. Kf3 Ke7
51. Kg2 Bxc7 52. Rxd4 Rb8 53. Ra4 Rb1 54. Ra7 Kd6 55. Bc4 Bb6 56. Ra6 Kc7
57. Bxe6 Rg1+ 58. Kh2 Re1 59. Ra3 Kd6 60. Bc4 Ke5 61. Rf3 Be3 1/2-1/2

[Event "4th IECC"]
[Site "Istanbul TUR"]
[Date "2003.06.06"]
[Round "7"]
[White "Tzermiadianos,And"]
[Black "Brynell,S"]
[Result "0-1"]
[WhiteElo "2428"]
[BlackElo "2538"]
[EventDate "2003.05.30"]

1. e4 e6 2. d4 d5 3. Nd2 c5 4. Ngf3 Nc6 5. exd5 exd5 6. Bb5 Bd6 7. dxc5
Bxc5 8. O-O Nge7 9. Nb3 Bb6 10. Re1 O-O 11. c3 Bf5 12. Be3 Be4 13. Nfd4 Re8
14. a4 a6 15. Nxc6 Nxc6 16. Bf1 a5 17. Nd2 Bg6 18. Bxb6 Qxb6 19. Qc1 Bf5
20. Rxe8+ Rxe8 21. b4 0-1

[Event "4th IECC"]
[Site "Istanbul TUR"]
[Date "2003.06.07"]
[Round "8"]
[White "Movsesian,S"]
[Black "Sakaev,K"]
[Result "1/2-1/2"]
[WhiteElo "2659"]
[BlackElo "2664"]
[EventDate "2003.05.30"]

1. e4 c6 2. Ne2 d5 3. e5 c5 4. d4 Nc6 5. c3 cxd4 6. cxd4 Bf5 7. Nbc3 e6 8.
Ng3 Bg6 9. Bb5 Nge7 10. Bg5 h6 11. Bxe7 Bxe7 12. O-O 1/2-1/2

[Event "4th IECC"]
[Site "Istanbul TUR"]
[Date "2003.06.07"]
[Round "8"]
[White "Spasov,V"]
[Black "Zaja,I"]
[Result "1/2-1/2"]
[WhiteElo "2555"]
[BlackElo "2417"]
[EventDate "2003.05.30"]

1. e4 d6 2. d4 Nf6 3. Nc3 g6 4. f4 Bg7 5. e5 dxe5 6. dxe5 Qxd1+ 7. Kxd1 Ng4
8. Nd5 Kd8 9. Ke1 c6 10. Nc3 h5 11. Nf3 Bf5 12. Nd4 Kc7 13. Nxf5 gxf5 14.
Be2 h4 15. h3 Nh6 16. Be3 Nd7 17. Kf2 e6 18. Rad1 f6 19. exf6 Bxf6 20. Rd3
Nb6 21. Rhd1 Rad8 22. Rxd8 Rxd8 23. Rxd8 Kxd8 24. Bd3 Kc7 25. Bd2 Kd6 26.
b3 Nd7 27. b4 a6 28. a4 b5 29. a5 c5 30. Nd1 Bd4+ 31. Kf1 cxb4 32. Bxb4+
Nc5 33. c4 Kc6 34. cxb5+ axb5 35. Be2 Ne4 36. Bf3 Ng8 37. Be1 Ngf6 38. Bxh4
Nd5 39. Bf2 Nxf2 40. Nxf2 b4 41. Nd3 b3 42. g4 b2 43. Nxb2 Bxb2 44. gxf5
exf5 45. a6 Bd4 46. Ke2 Kd6 47. Bxd5 Kxd5 48. Kd3 Bf2 49. h4 Ke6 50. Kc4
Kf6 51. Kd5 Bg1 52. Kd6 Be3 53. Kd7 Kf7 54. h5 Bf2 55. Kd6 Kf6 56. h6 Kg6
1/2-1/2

[Event "4th IECC"]
[Site "Istanbul TUR"]
[Date "2003.06.07"]
[Round "8"]
[White "Romero Holmes,A"]
[Black "Nikolaidis,I"]
[Result "0-1"]
[WhiteElo "2560"]
[BlackElo "2498"]
[EventDate "2003.05.30"]

1. c4 Nf6 2. Nc3 d5 3. cxd5 Nxd5 4. g3 g6 5. Bg2 Nb6 6. Nf3 Bg7 7. O-O O-O
8. d3 Nc6 9. Be3 e5 10. b4 Nd4 11. Rc1 c6 12. Qd2 Bg4 13. Rfe1 Re8 14. Ng5
Qe7 15. h3 Bf5 16. g4 Bd7 17. Nge4 Qxb4 18. Bg5 Kh8 19. Rb1 Qf8 20. Nf6
Red8 21. a4 h6 22. Nxd7 Rxd7 23. Be3 Nc8 24. a5 Ne7 25. f4 exf4 26. Bxf4
Ne6 27. Bh2 Nd5 28. Nxd5 cxd5 29. Rec1 Kh7 30. Rb5 Nd4 31. Rbb1 Rc8 32.
Rxc8 Qxc8 33. e3 Ne6 34. Rc1 Qd8 35. d4 Bf6 36. Bg3 Bg5 37. Be5 Bf6 38. Bg3
Ng5 39. Rc5 Be7 40. Rb5 a6 41. Rb6 Qc8 42. h4 Ne4 43. Bxe4 dxe4 44. h5 gxh5
45. Qf2 Bg5 46. Qf5+ Kg8 47. Kg2 hxg4 48. Qxe4 Re7 49. Be5 f6 50. Qd5+ Kg7
51. Rd6 fxe5 52. Rd8 Qe6 53. dxe5 Qxd5+ 54. Rxd5 Bxe3 55. Kg3 h5 56. Kh4
Bf4 0-1

[Event "4th IECC"]
[Site "Istanbul TUR"]
[Date "2003.06.07"]
[Round "8"]
[White "Gershon,A"]
[Black "Pogorelov,R"]
[Result "0-1"]
[WhiteElo "2543"]
[BlackElo "2489"]
[EventDate "2003.05.30"]

1. e4 c5 2. Nf3 e6 3. d4 cxd4 4. Nxd4 Nc6 5. Nc3 d6 6. g3 Nf6 7. Bg2 Bd7 8.
O-O Be7 9. Be3 O-O 10. Nxc6 Bxc6 11. a4 a6 12. a5 Rc8 13. Re1 Qc7 14. Bb6
Qd7 15. Qd2 Bd8 16. Bd4 e5 17. Be3 Ng4 18. Bh3 f5 19. Bxg4 fxg4 20. Red1
Bc7 21. Nd5 Qf7 22. Qe2 h5 23. c4 Bd8 24. b4 Qg6 25. Bb6 Rf7 26. Bxd8 Rxd8
27. b5 Bxd5 28. Rxd5 Rdf8 29. Ra2 Rxf2 30. Qxf2 Rxf2 31. Rxf2 Qxe4 32. bxa6
bxa6 33. Rxd6 Qxc4 34. Rd8+ Kh7 35. Rd1 Qc5 36. Re1 g5 37. Kg2 Kg6 38. Ref1
Qc6+ 39. Kg1 h4 40. gxh4 gxh4 41. Rf8 Qc5+ 42. R1f2 Qd5 43. R8f6+ Kg7 44.
R6f5 Qe4 45. Rf7+ Kg6 46. Rf8 Qe1+ 47. Kg2 Qe4+ 48. Kg1 h3 49. Rg8+ Kh7 50.
Rgf8 Qe1+ 51. Rf1 Qe3+ 52. R1f2 Kg7 53. R8f7+ Kg6 54. Rf8 Qc1+ 55. Rf1 Qc5+
56. R1f2 e4 57. Kf1 e3 58. R2f6+ Kg5 59. Ke2 Qxa5 60. Rd6 Qa2+ 61. Ke1 Qb1+
62. Ke2 Qb2+ 63. Kf1 0-1

[Event "4th IECC"]
[Site "Istanbul TUR"]
[Date "2003.06.07"]
[Round "8"]
[White "Olcayoz,A"]
[Black "Erdogan,H"]
[Result "1-0"]
[WhiteElo "2310"]
[BlackElo "2239"]
[EventDate "2003.05.30"]

1. e4 c5 2. Nf3 d5 3. Bb5+ Bd7 4. Bxd7+ Qxd7 5. O-O Nc6 6. c3 Nf6 7. Qe2 g6
8. Na3 Bg7 9. Nc2 O-O 10. d4 cxd4 11. Ncxd4 e5 12. Nb5 a6 13. Na3 b5 14.
Nc2 Qb7 15. Bg5 a5 16. Bxf6 Bxf6 17. Rfd1 Rfd8 18. Ne3 b4 19. Nxd5 Bg7 20.
Nd2 Kh8 21. Nc4 f5 22. exf5 gxf5 23. Nde3 Qb5 24. Nxf5 Bf8 25. Re1 e4 26.
Qxe4 Ra7 27. Nd4 Nxd4 28. Qxd4+ Rg7 29. Ne3 bxc3 30. bxc3 Qg5 31. g3 Be7
32. Nd5 Bf8 33. Re4 Rdd7 34. Rae1 Rdf7 35. Rf4 Kg8 36. Re8 Rg6 37. h4 Rxf4
38. Nxf4 Qb5 39. Nxg6 Qxe8 40. Qh8+ 1-0

[Event "4th IECC"]
[Site "Istanbul TUR"]
[Date "2003.06.08"]
[Round "9"]
[White "Nataf,IA"]
[Black "Motylev,A"]
[Result "0-1"]
[WhiteElo "2559"]
[BlackElo "2634"]
[EventDate "2003.05.30"]

1. e4 c6 2. d4 d5 3. f3 e6 4. Nc3 Bb4 5. Bf4 Ne7 6. Qd3 b6 7. Nge2 Ba6 8.
Qe3 O-O 9. O-O-O c5 10. a3 Bxc3 11. Qxc3 Bxe2 12. Bxe2 c4 13. h4 Nbc6 14.
h5 b5 15. h6 g6 16. g4 Nc8 17. Qe3 Nb6 18. Bg5 f6 19. Bh4 Qd7 20. Rhe1 b4
21. Bf1 Rae8 22. axb4 Nxb4 23. Qa3 Qd6 24. Kb1 Qh2 25. Qxb4 Qxh4 26. exd5
exd5 27. Re7 Qxh6 28. Rxa7 Re6 29. Rb7 Nc8 30. Qc5 Qg5 31. Rc1 Nd6 32. Rd7
Rc8 33. Qa7 Qh6 34. Bg2 Rce8 35. Qa5 c3 36. Qxd5 Kh8 37. g5 Qxg5 38. f4
Qxf4 39. Rh1 Re1+ 40. Ka2 Rxh1 41. Bxh1 Qc1 42. bxc3 Rb8 43. Rd8+ Rxd8 44.
Qe6 Qxc2+ 45. Ka3 Qxc3+ 46. Ka2 Qc4+ 0-1

[Event "4th IECC"]
[Site "Istanbul TUR"]
[Date "2003.06.08"]
[Round "9"]
[White "Vajda,L"]
[Black "Gdanski,J"]
[Result "0-1"]
[WhiteElo "2592"]
[BlackElo "2506"]
[EventDate "2003.05.30"]

1. e4 e6 2. d4 d5 3. Nd2 c5 4. Ngf3 Nc6 5. exd5 exd5 6. Bb5 Bd6 7. dxc5
Bxc5 8. O-O Nge7 9. Nb3 Bd6 10. Re1 O-O 11. Bg5 Bg4 12. Be2 h6 13. Bh4 Re8
14. c3 Qb6 15. Nfd4 Bxe2 16. Rxe2 Nxd4 17. Nxd4 Nc6 18. Nf5 Bf8 19. Rd2 Re4
20. Bg3 Rae8 21. Bd6 Ne7 22. Ng3 Re6 23. Bxe7 Bxe7 24. Qb3 Bg5 25. Qxb6
Rxb6 26. Rc2 Rb5 27. Kf1 Re6 28. Ne2 Reb6 29. b4 Bf6 30. Rd1 Ra6 31. Rd3
Ra4 32. Nd4 Bxd4 33. Rxd4 a5 34. Rb2 Ra3 35. Rc2 Ra4 36. Ke2 axb4 37. Kd3
Ra3 38. Rf4 g5 39. Rf6 Kg7 40. Rd6 bxc3 41. f4 Rb2 42. fxg5 hxg5 43. Rxd5
Rxc2 44. Kxc2 Rxa2+ 45. Kxc3 Rxg2 46. Rb5 Kg6 47. Rb6+ f6 48. h4 gxh4 49.
Rxb7 h3 50. Rb8 Rg5 51. Rb1 h2 52. Rh1 Rg2 0-1

[Event "4th IECC"]
[Site "Istanbul TUR"]
[Date "2003.06.08"]
[Round "9"]
[White "Sanduleac,V"]
[Black "Ruck,R"]
[Result "1-0"]
[WhiteElo "2492"]
[BlackElo "2569"]
[EventDate "2003.05.30"]

1. e4 c5 2. Nf3 d6 3. Bb5+ Nd7 4. O-O Ngf6 5. Re1 a6 6. Bf1 b6 7. c4 Bb7 8.
Nc3 e6 9. d4 cxd4 10. Nxd4 Be7 11. b3 O-O 12. Bb2 Rc8 13. Rc1 Nc5 14. f3
Re8 15. Rc2 Qc7 16. Rd2 Qb8 17. Nc2 Bc6 18. Kh1 Qa8 19. Ne3 Rb8 20. b4 Ncd7
21. a3 Rbc8 22. b5 Bb7 23. bxa6 Bxa6 24. Nb5 Bxb5 25. cxb5 Red8 26. Nc4 d5
27. Bxf6 Bxf6 28. exd5 Bc3 29. dxe6 Bxd2 30. exf7+ Kxf7 31. Qxd2 Nf6 32.
Ne5+ Kf8 33. Qb4+ Rc5 34. Nd3 Nd5 35. Qh4 Rcc8 36. Qxh7 Nf6 37. Qh8+ Ng8
38. Ne5 Qxa3 39. Qh5 Nh6 40. Ng6+ Kg8 41. Ne7+ Kh8 42. Nxc8 Rxc8 43. Qg6
Qc3 44. Rd1 Qe3 45. Bd3 Kg8 46. Qh7+ Kf7 47. Qe4 Rc1 48. Qxe3 Rxd1+ 49. Qg1
Rxd3 50. h3 Rd6 51. Qb1 Kf6 52. Qb2+ Kf7 53. Qc2 Re6 54. Kh2 Ng8 55. g4 Ne7
56. h4 Nd5 57. Qf5+ 1-0

[Event "EIMCC 2003"]
[Site "?"]
[Date "2003.06.13"]
[Round "13.72"]
[White "Guliev, Sarhan"]
[Black "Lahno, Kateryna"]
[Result "0-1"]
[WhiteElo "2524"]
[BlackElo "2417"]
[PlyCount "112"]
[EventDate "2003.06.13"]

1. d4 Nf6 2. c4 e6 3. Nc3 Bb4 4. e3 O-O 5. Nge2 d5 6. cxd5 Nxd5 7. e4 Nxc3 8.
bxc3 Be7 9. g3 b6 10. Bg2 Bb7 11. O-O c5 12. d5 exd5 13. exd5 Bf6 14. Bf4 Nd7
15. Qc2 Ne5 16. Rad1 Nc4 17. d6 Bxg2 18. Kxg2 Qd7 19. Qe4 b5 20. Rd5 Qc6 21.
Qf3 Rad8 22. Rfd1 Nb2 23. d7 Nxd1 24. Rxd1 Qe6 25. Rd6 Qe7 26. Qd3 c4 27. Qd2
a5 28. g4 b4 29. cxb4 axb4 30. Ng3 c3 31. Qd3 g6 32. Rd5 c2 33. Ne4 Bg7 34. Nc5
Qf6 35. Bc1 Qc6 36. f3 Ra8 37. Na6 Qb6 38. Rd6 Qa5 39. Rd5 Qb6 40. Be3 Qc6 41.
Nxb4 c1=Q 42. Nxc6 Rxa2+ 43. Bd2 Qxc6 44. d8=Q Rxd8 45. Rxd8+ Bf8 46. Qd4 h5
47. gxh5 gxh5 48. Qb4 Qh6 49. Kf1 Ra1+ 50. Kf2 Qg7 51. Bc3 Qg1+ 52. Ke2 Qg2+
53. Kd3 Qxf3+ 54. Kc4 Qg4+ 55. Bd4 Qe2+ 56. Kc3 Qe1+ 0-1

[Event "EIMCC 2003"]
[Site "?"]
[Date "2003.06.13"]
[Round "13.78"]
[White "Rytshagov, Mikhail"]
[Black "Efimenko, Zahar"]
[Result "1/2-1/2"]
[WhiteElo "2487"]
[BlackElo "2599"]
[PlyCount "70"]
[EventDate "2003.06.13"]

1. e4 c5 2. Nf3 d6 3. Bb5+ Nd7 4. c3 Ngf6 5. Qe2 a6 6. Ba4 b5 7. Bc2 Bb7 8. d4
e6 9. O-O Be7 10. Nbd2 cxd4 11. cxd4 Qc7 12. Bd3 O-O 13. b3 Rfc8 14. Bb2 Bc6
15. Rac1 Qb7 16. Rc2 Nf8 17. Rfc1 Bd7 18. Rxc8 Rxc8 19. Rxc8 Qxc8 20. Ne1 Bd8
21. Nc2 Bc6 22. Nb4 Bb7 23. e5 dxe5 24. dxe5 Nd5 25. Nxd5 Bxd5 26. Be4 Qc6 27.
Bxd5 Qxd5 28. Nf3 Ng6 29. g3 h6 30. Kg2 Bc7 31. Qe3 Qc6 32. Qc3 Qb7 33. Qc5 Bd8
34. Qd6 Bc7 35. Qd7 Nxe5 1/2-1/2

[Event "EIMCC 2003"]
[Site "?"]
[Date "2003.06.13"]
[Round "13.85"]
[White "Asmundsson, Ingvar"]
[Black "Georgiev, Krum"]
[Result "1/2-1/2"]
[WhiteElo "2327"]
[BlackElo "2516"]
[PlyCount "58"]
[EventDate "2003.06.13"]

1. e4 c5 2. Nf3 d6 3. Bb5+ Nd7 4. d4 Ngf6 5. Nc3 cxd4 6. Qxd4 e5 7. Qd3 h6 8.
Be3 Be7 9. h3 O-O 10. a4 Qc7 11. Nd2 Nc5 12. Bxc5 Qxc5 13. Qc4 Qb6 14. a5 Qd8
15. Qd3 Be6 16. Bc4 Rc8 17. O-O a6 18. Rfd1 Rc5 19. b4 Rc7 20. Nd5 Nxd5 21.
Bxd5 Bxd5 22. Qxd5 Qc8 23. c4 Bg5 24. Nf3 Rxc4 25. Nxg5 hxg5 26. Qxd6 Rxe4 27.
Rac1 Qf5 28. Rc7 Rc8 29. f3 Rd4 1/2-1/2

[Event "EIMCC 2003"]
[Site "?"]
[Date "2003.06.13"]
[Round "13.89"]
[White "Kilicaslan, Hasan"]
[Black "Brynell, Stellan"]
[Result "0-1"]
[WhiteElo "2260"]
[BlackElo "2534"]
[PlyCount "66"]
[EventDate "2003.06.13"]

1. d4 d5 2. Nf3 Nc6 3. e3 Bg4 4. Bb5 e6 5. c4 Bb4+ 6. Bd2 Bxd2+ 7. Nbxd2 Nge7
8. O-O O-O 9. h3 Bh5 10. Rc1 a6 11. Bxc6 Nxc6 12. a3 Qd6 13. b4 Rfd8 14. Qb3 f6
15. cxd5 Qxd5 16. Rc5 Qxb3 17. Nxb3 Bf7 18. Rc3 Rab8 19. Rxc6 bxc6 20. Na5 Be8
21. Rc1 Rb6 22. Nc4 Rb5 23. Na5 c5 24. dxc5 e5 25. Rc3 Rd1+ 26. Kh2 Rb8 27. Nc4
Rbd8 28. Nb2 Rb1 29. Nc4 Rbd1 30. Nb2 Ra1 31. Kg3 Bb5 32. Rb3 Rb1 33. e4 Rd7
0-1